Les pokémons de type électrik (FR) - Statistiques

Statistiques générales
  • Ce quiz a été pris 1 030 fois
  • Le résultat moyen est 31 sur 42
Statistiques - réponses
Numéro Pokémon % Correct
25 Pikachu
100%
26 Raichu
99%
145 Électhor
93%
125 Élektek
92%
172 Pichu
91%
81 Magnéti
90%
82 Magnéton
90%
100 Voltorbe
89%
101 Électrode
88%
239 Élekid
86%
466 Élekable
85%
135 Voltali
83%
462 Magnézone
81%
310 Élecsprint
79%
243 Raikou
79%
309 Dynavolt
78%
311 Posipi
78%
180 Lainergie
77%
312 Négapi
77%
181 Pharamp
77%
587 Emolga
73%
405 Luxray
73%
403 Lixy
72%
404 Luxio
72%
179 Wattouat
72%
417 Pachirisu
71%
644 Zekrom
71%
171 Lanturn
66%
522 Zébibron
66%
170 Loupio
65%
523 Zéblitz
65%
702 Dedenne
64%
479 Motisma
62%
604 Ohmassacre
61%
602 Anchwatt
60%
603 Lampéroie
58%
596 Mygavolt
54%
642 Fulguris
53%
595 Statitik
51%
695 Iguolta
49%
694 Galvaran
47%
618 Limonde
43%
Aucun quiz correspondant
Distribution des résultats
% des personnes avec chaque résultat
Percentile par nombre de réponses
Votre historique - résultats
Vous n’avez pas pris ce quiz